000 00415nam a2200181Ia 4500
001 4448
005 20260306145756.0
008 260306t2005||||xx |||||||||||||| ||spa||
041 _aESP
082 _a321.9
_bS83
100 _aStrauss, Leo
_eAUT
245 0 _aSobre la tiranía texto impreso
260 _c2005
300 _a270 páginas :
_ccm.
650 _aGEN
654 _aCDE
942 _cLIB
_dJUS
_fJUS
_2ddc
_n
999 _c4448
_d4448